<?xml version="1.0" encoding="UTF-8"?>
<record
    xmlns:xsi="http://www.w3.org/2001/XMLSchema-instance"
    xsi:schemaLocation="http://www.loc.gov/MARC21/slim http://www.loc.gov/standards/marcxml/schema/MARC21slim.xsd"
    xmlns="http://www.loc.gov/MARC21/slim">

  <leader>01187nam a22002531a 4500</leader>
  <controlfield tag="001">000019985</controlfield>
  <controlfield tag="005">20200929170222.0</controlfield>
  <controlfield tag="008">740315s1969    es            001 e spa  </controlfield>
  <datafield tag="040" ind1=" " ind2=" ">
    <subfield code="a">DO-SdBNP</subfield>
    <subfield code="b">spa</subfield>
    <subfield code="c">BNPHU</subfield>
  </datafield>
  <datafield tag="082" ind1=" " ind2=" ">
    <subfield code="a">701.17</subfield>
    <subfield code="b">E79m</subfield>
  </datafield>
  <datafield tag="245" ind1="0" ind2="0">
    <subfield code="a">Est&#xE9;tica y marxismo /</subfield>
    <subfield code="c">Traducci&#xF3;n de Silvio Sastre.</subfield>
  </datafield>
  <datafield tag="260" ind1=" " ind2=" ">
    <subfield code="a">Barcelona :</subfield>
    <subfield code="b">Ediciones Mart&#xED;nez Roca,</subfield>
    <subfield code="c">1969.</subfield>
  </datafield>
  <datafield tag="300" ind1=" " ind2=" ">
    <subfield code="a">135 p ;</subfield>
    <subfield code="c">20 cm.</subfield>
  </datafield>
  <datafield tag="490" ind1="0" ind2=" ">
    <subfield code="a">Novocurso</subfield>
  </datafield>
  <datafield tag="504" ind1=" " ind2=" ">
    <subfield code="a">Bibliograf&#xED;a y notas al pie de p&#xE1;ginas.</subfield>
  </datafield>
  <datafield tag="505" ind1="0" ind2=" ">
    <subfield code="g">Nota preliminar --</subfield>
    <subfield code="t">Materialismo filos&#xF3;fico y realismo art&#xED;stico /</subfield>
    <subfield code="r">Pierre Abraham, Roger Garaudy, Andr&#xE9; Gisselbrecht --</subfield>
    <subfield code="t">Realismo y dogmatismo /</subfield>
    <subfield code="r">Louis Arag&#xF3;n --</subfield>
    <subfield code="t">Coloquio sobre la noci&#xF3;n de "decadencia" /</subfield>
    <subfield code="r">Jean-Paul Sartre ...[et. al] --</subfield>
    <subfield code="t">Objetividad del valor art&#xED;stico /</subfield>
    <subfield code="r">Marcel Breazu --</subfield>
    <subfield code="t">Prosa y poes&#xED;a en el cine /</subfield>
    <subfield code="r">Efim Dobin.</subfield>
  </datafield>
  <datafield tag="590" ind1=" " ind2=" ">
    <subfield code="a">Inventariado, 2020/BT</subfield>
  </datafield>
  <datafield tag="650" ind1=" " ind2="4">
    <subfield code="a">Est&#xE9;tica</subfield>
    <subfield code="x">Ensayos, conferencias, etc</subfield>
    <subfield code="9">20800</subfield>
  </datafield>
  <datafield tag="650" ind1=" " ind2="4">
    <subfield code="a">Marxismo</subfield>
    <subfield code="x">Ensayos, conferencias, etc</subfield>
    <subfield code="9">36397</subfield>
  </datafield>
  <datafield tag="650" ind1=" " ind2="4">
    <subfield code="a">Cine</subfield>
    <subfield code="x">Est&#xE9;tica</subfield>
    <subfield code="x">Ensayos, conferencias, etc</subfield>
    <subfield code="9">42588</subfield>
  </datafield>
  <datafield tag="700" ind1="1" ind2="2">
    <subfield code="a">Sastre, Silvio,</subfield>
    <subfield code="e">tr.</subfield>
    <subfield code="9">42589</subfield>
  </datafield>
  <datafield tag="830" ind1=" " ind2="0">
    <subfield code="a">Novocurso</subfield>
    <subfield code="9">42590</subfield>
  </datafield>
  <datafield tag="910" ind1=" " ind2=" ">
    <subfield code="a">Validado. Control de la calidad EMS.</subfield>
  </datafield>
  <datafield tag="952" ind1=" " ind2=" ">
    <subfield code="0">0</subfield>
    <subfield code="1">0</subfield>
    <subfield code="5">0</subfield>
    <subfield code="7">1</subfield>
    <subfield code="8">MO</subfield>
    <subfield code="a">GR</subfield>
    <subfield code="b">GR</subfield>
    <subfield code="c">HD</subfield>
    <subfield code="d">2010-07-09</subfield>
    <subfield code="i">LF1</subfield>
    <subfield code="l">0</subfield>
    <subfield code="o">701.17 E79m</subfield>
    <subfield code="p">19985-10</subfield>
    <subfield code="r">2020-06-25</subfield>
    <subfield code="w">2020-06-25</subfield>
    <subfield code="y">1</subfield>
    <subfield code="Z">No se presta</subfield>
  </datafield>
  <datafield tag="999" ind1=" " ind2=" ">
    <subfield code="c">19497</subfield>
    <subfield code="d">19497</subfield>
  </datafield>
</record>
